书目信息 |
| 题名: |
太阳系
|
|
| 作者: | 萨根 著 ;张钰哲 译 | |
| 分册: | ||
| 出版信息: | 北京 科学出版社 1981 |
|
| 页数: | 150页 | |
| 开本: | 25cm | |
| 丛书名: | ||
| 单 册: | ||
| 中图分类: | P18 | |
| 科图分类: | ||
| 主题词: | 太阳系 | |
| 电子资源: | ||
| ISBN: | ||
| 000 | 00639nam0 2200241 45 | |
| 001 | 0181005100 | |
| 005 | 20041221110859.4 | |
| 010 | @dCNY1.25 | |
| 091 | @a13031.1528 | |
| 100 | @a19950526d1981 emky0chiy0121 ea | |
| 101 | 1 | @achi@ceng |
| 102 | @aCN@b110000 | |
| 105 | @ay z 000yy | |
| 200 | 10 | @a太阳系@Atai yang xi@f(美)C.萨根等著@F(Mei)C.Sa Gen Deng Zhu@g张钰哲等译 |
| 210 | @a北京@c科学出版社@d1981 | |
| 215 | @a150页@d25cm | |
| 606 | @a太阳系 | |
| 690 | @aP18@v3 | |
| 701 | 0 | @a萨根@4著 |
| 702 | 0 | @a张钰哲@Azhang yu zhe@4译 |
| 801 | 0 | @aCN@b上海图书馆@c20041221 |
| 801 | 2 | @aCN@bNLC@c20041221 |
| 905 | @f1@b51056@dP18@e6 | |
| 太阳系/(美)C.萨根等著/张钰哲等译.-北京:科学出版社,1981 |
| 150页;25cm |
| ISBN :CNY1.25 |
| ● |
| 相关链接 |
|
|
|
|
正题名:太阳系
索取号:P18/6
 
预约/预借
| 序号 | 登录号 | 条形码 | 馆藏地/架位号 | 状态 | 备注 |
| 1 | 0051056 | 001977490 | 第三借阅区/ [索取号:P18/6] | 在馆 | |
| 2 | 0051057 | 202101670 | 第二样本阅览室/ [索取号:P18/6] | 在馆 |